000 00718cam a2200253 4500
008 000000n2000 000 0 eng u
020 _a1860813690
035 _a(Sirsi) u106155
050 _a729.28
100 _aLittlefair, P.
110 _aBuilding Research Establishment
245 _aDevelopments in innovative daylighting.
260 _aLondon
_bCRC
_c2000
300 _a6p. ; 30cm
490 _aInformation Paper
_v9/00
650 _aTRANSLUCENT LOUVRES
650 _aBLINDS
650 _aLIGHTING CONTROLS
650 _aANIDOLIC CEILINGS
650 _aDAYLIGHTING
690 _aBUILT ENVIRONMENT-CONSTRUCTION DESIGN
856 _uhttps://products.ihs.com/Ohsis-SEO/804008.html
942 _n0
999 _c100531
_d100531